[Event "Let's Play Chess!"]
[Site "http://www.queenalice.com/game.php?id=1190437"]
[Date "2013.6.16"]
[Round "-"]
[White "carlosufpe"]
[Black "ciceroeduardo"]
[Result "0-1"]
[WhiteElo "1590"]
[BlackElo "1626"]

1. d4 d5 2. e3 Nf6 3. c4 e6 4. cxd5 exd5 5. Nf3 Nc6 6. Be2 Bd6 7. O-O O-O 8. Nc3
Be6 9. Bb5 a6 10. Bxc6 bxc6 11. b3 c5 12. Ba3 cxd4 13. exd4 Bxa3 14. Qe2 Bb4 15.
Nd1 c6 16. Ne5 Qd6 17. Nd3 Ba5 18. a3 Bc7 19. g3 Bg4 20. Qb2 Ne4 21. Nc3 Ng5 22.
Ne5 Bf5 23. Rfc1 Rab8 24. Na4 f6 25. Rxc6 Qe7 26. Rcc1 fxe5 27. dxe5 Bxe5 28.
Nc3 Ne4 29. Nxd5 Qd6 0-1

[Event "AUTO-INT-2664"]
[Site "http://www.queenalice.com/game.php?id=1193517"]
[Date "2013.6.23"]
[Round "1"]
[White "sioux"]
[Black "ciceroeduardo"]
[Result "1-0"]
[WhiteElo "1631"]
[BlackElo "1597"]

1. e4 e5 2. Qh5 Nc6 3. Bc4 g6 4. Qf3 Nf6 5. d3 Bg7 6. Bg5 Nd4 7. Qd1 O-O 8. c3
Nc6 9. b4 a6 10. a4 d6 11. Nf3 h6 12. Bxf6 Qxf6 13. O-O b6 14. a5 bxa5 15. bxa5
Bg4 16. Bd5 Bxf3 17. Qxf3 Qe7 18. Bxc6 Rab8 19. Bd5 Kh7 20. Nd2 Rb2 21. Nc4 1-0

[Event "AUTO-INT-2664"]
[Site "http://www.queenalice.com/game.php?id=1193518"]
[Date "2013.6.23"]
[Round "1"]
[White "ciceroeduardo"]
[Black "sioux"]
[Result "0-1"]
[WhiteElo "1613"]
[BlackElo "1615"]

1. e4 e5 2. Nf3 Nc6 3. Bc4 h6 4. Nc3 Bb4 5. O-O Nf6 6. Qe2 O-O 7. a3 Bxc3 8.
bxc3 d6 9. d4 exd4 10. cxd4 Re8 11. e5 dxe5 12. dxe5 Nd4 13. Qd3 Nh7 14. Nxd4 c5
15. Nf3 Qxd3 0-1

[Event "AUTO-INT-2664"]
[Site "http://www.queenalice.com/game.php?id=1193533"]
[Date "2013.6.23"]
[Round "1"]
[White "LeandroSouza"]
[Black "ciceroeduardo"]
[Result "1-0"]
[WhiteElo "1643"]
[BlackElo "1536"]

1. e4 e5 2. d3 Nf6 3. Bg5 Be7 4. Be2 Nc6 5. h3 d5 6. Bxf6 Bxf6 7. Nf3 O-O 8. a3
a5 9. Nc3 d4 10. Nd5 Be6 11. c4 b6 12. Qa4 Bd7 13. Nxf6+ Qxf6 14. O-O Rae8 15.
b4 axb4 16. axb4 Ra8 17. Qb3 Qd6 18. Rxa8 1-0

[Event "AUTO-INT-2664"]
[Site "http://www.queenalice.com/game.php?id=1193534"]
[Date "2013.6.23"]
[Round "1"]
[White "ciceroeduardo"]
[Black "LeandroSouza"]
[Result "0-1"]
[WhiteElo "1524"]
[BlackElo "1655"]

1. e4 e5 2. Nf3 d6 3. Bc4 h6 4. Nc3 a6 5. O-O c6 6. d4 b5 7. Bd3 exd4 8. Nxd4
Be7 9. a3 Nf6 10. f3 O-O 11. Be3 Nh5 12. b4 Bd7 13. Qe2 a5 14. f4 Nf6 15. e5
dxe5 16. fxe5 Nd5 17. Nxd5 cxd5 18. Nxb5 axb4 0-1

[Event "AUTO-INT-2664"]
[Site "http://www.queenalice.com/game.php?id=1193545"]
[Date "2013.6.23"]
[Round "1"]
[White "ciceroeduardo"]
[Black "eu555"]
[Result "0-1"]
[WhiteElo "1475"]
[BlackElo "1362"]

1. e4 e5 2. Nf3 d6 3. Bc4 h6 4. Nc3 c6 5. O-O Nf6 6. d3 Be7 7. b4 O-O 8. Bb2 b6
9. b5 c5 10. a4 Nh7 11. Nd5 Nd7 0-1

[Event "AUTO-INT-2664"]
[Site "http://www.queenalice.com/game.php?id=1193546"]
[Date "2013.6.23"]
[Round "1"]
[White "eu555"]
[Black "ciceroeduardo"]
[Result "1-0"]
[WhiteElo "1362"]
[BlackElo "1475"]

1. Nf3 d5 2. d4 Nf6 3. e3 Nc6 4. h3 e6 5. Be2 Bd6 6. O-O O-O 7. Nh2 e5 8. dxe5
Nxe5 9. Nf3 Nxf3+ 10. Bxf3 c6 11. b3 1-0

[Event "AUTO-INT-2666"]
[Site "http://www.queenalice.com/game.php?id=1194375"]
[Date "2013.6.26"]
[Round "1"]
[White "NickThorp"]
[Black "ciceroeduardo"]
[Result "1-0"]
[WhiteElo "1679"]
[BlackElo "1668"]

1. e4 e5 2. Nf3 Nc6 3. Bb5 a6 4. Bxc6 dxc6 5. h3 Nf6 6. O-O Bd6 7. d3 O-O 8. Bg5
c5 9. Nc3 c6 10. b3 b5 11. a3 b4 12. axb4 cxb4 13. Ne2 h6 14. Bh4 c5 15. c4 Bb7
16. Ng3 Qe7 17. Nf5 Qe6 18. Ra5 Nh5 19. g4 Nf4 20. Kh2 Ng6 21. Bg3 1-0

[Event "AUTO-INT-2666"]
[Site "http://www.queenalice.com/game.php?id=1194376"]
[Date "2013.6.26"]
[Round "1"]
[White "ciceroeduardo"]
[Black "NickThorp"]
[Result "0-1"]
[WhiteElo "1483"]
[BlackElo "1679"]

1. e4 e5 2. Nf3 Nc6 3. Bc4 Nf6 4. Nc3 Bc5 5. O-O O-O 6. d3 d6 7. Bg5 h6 8. Bh4
Bg4 9. Nd5 g5 10. Bg3 Nd4 11. Ne3 Nxf3+ 12. gxf3 Bh3 13. Re1 Bd4 14. c3 Bxe3 15.
fxe3 c5 16. d4 cxd4 17. exd4 Qb6 18. b4 Qc6 19. Qd3 Rad8 20. b5 Qb6 21. a4 a5
22. bxa6 bxa6 23. Bxa6 exd4 24. cxd4 Qb2 25. Bf2 d5 0-1

[Event "AUTO-INT-2666"]
[Site "http://www.queenalice.com/game.php?id=1194391"]
[Date "2013.6.26"]
[Round "1"]
[White "ciceroeduardo"]
[Black "MARCELOCJ1"]
[Result "0-1"]
[WhiteElo "1558"]
[BlackElo "1404"]

1. e4 e5 2. Nf3 Nc6 3. Bc4 Nf6 4. Nc3 a6 5. O-O h6 6. d4 d6 7. Be3 Ng4 8. dxe5
dxe5 9. Qxd8+ Nxd8 10. Rad1 Ne6 11. h3 Nxe3 12. fxe3 b5 13. Bd5 b4 14. Bxa8 bxc3
15. bxc3 h5 16. Nxe5 f6 17. Bc6+ Ke7 18. Ng6+ Kf7 19. Nxh8+ Kg8 20. Ng6 Bc5 21.
Rd3 Kh7 22. Nh4 g5 0-1

[Event "AUTO-INT-2666"]
[Site "http://www.queenalice.com/game.php?id=1194392"]
[Date "2013.6.26"]
[Round "1"]
[White "MARCELOCJ1"]
[Black "ciceroeduardo"]
[Result "1-0"]
[WhiteElo "1380"]
[BlackElo "1582"]

1. d4 d5 2. Nf3 Nf6 3. Nc3 Nc6 4. h3 e6 5. a3 Bd6 6. e3 O-O 7. Bd3 Bd7 8. Ng5 h6
9. Nf3 a6 10. O-O Nh5 11. g4 Nf6 12. h4 Nxg4 13. a4 f6 14. e4 dxe4 15. Bxe4 e5
16. Re1 f5 17. Bd3 exd4 18. Nd5 b5 19. b3 bxa4 20. Re2 axb3 21. cxb3 a5 22. Qd2
Bb4 23. Nxb4 1-0

[Event "AUTO-INT-2674"]
[Site "http://www.queenalice.com/game.php?id=1197499"]
[Date "2013.7.6"]
[Round "1"]
[White "ciceroeduardo"]
[Black "OvercoME"]
[Result "0-1"]
[WhiteElo "1613"]
[BlackElo "1900"]

1. e4 b6 2. Nc3 Bb7 3. d3 e6 4. Nf3 Be7 5. Be2 d6 6. O-O Nd7 7. Be3 Ngf6 8. Qd2
c5 9. a3 O-O 10. h3 a6 11. b4 Rc8 12. bxc5 Nxc5 13. e5 dxe5 14. Nxe5 Qc7 15. d4
Rfd8 16. Nf3 Ncd7 0-1

[Event "AUTO-INT-2674"]
[Site "http://www.queenalice.com/game.php?id=1197500"]
[Date "2013.7.6"]
[Round "1"]
[White "OvercoME"]
[Black "ciceroeduardo"]
[Result "1-0"]
[WhiteElo "1906"]
[BlackElo "1613"]

1. d4 d5 2. Bg5 Nc6 3. f4 h6 4. Bh4 Bf5 5. c3 Qd6 6. e3 O-O-O 7. Nf3 f6 8. Nbd2
g5 9. fxg5 hxg5 10. Bg3 Qe6 11. Kf2 Nh6 12. Ke2 Qf7 13. Ke1 g4 14. Nh4 Rg8 15.
Nxf5 Nxf5 16. Bf2 e5 17. Be2 1-0

[Event "AUTO-INT-2674"]
[Site "http://www.queenalice.com/game.php?id=1197501"]
[Date "2013.7.6"]
[Round "1"]
[White "ciceroeduardo"]
[Black "RJGF"]
[Result "0-1"]
[WhiteElo "1652"]
[BlackElo "1541"]

1. e4 e5 2. Nf3 Nc6 3. Bc4 Nd4 4. Nc3 c5 5. Nxe5 Qg5 6. Bxf7+ Kd8 7. O-O Qxe5 8.
f4 Qf6 9. Bxg8 Rxg8 10. d3 Nc6 11. Nd5 Qd4+ 12. Kh1 c4 13. Be3 Qxb2 14. dxc4 b6
15. Bc1 Qxa1 0-1

[Event "AUTO-INT-2674"]
[Site "http://www.queenalice.com/game.php?id=1197502"]
[Date "2013.7.6"]
[Round "1"]
[White "RJGF"]
[Black "ciceroeduardo"]
[Result "1-0"]
[WhiteElo "1561"]
[BlackElo "1632"]

1. e4 e5 2. Nf3 Nc6 3. Bb5 a6 4. Bxc6 dxc6 5. O-O Bg4 6. d3 Be7 7. h3 Bh5 8. c3
Qd6 9. d4 f6 10. dxe5 fxe5 11. Qxd6 cxd6 12. Bg5 Bxf3 13. Bxe7 Bxg2 14. Kxg2
Nxe7 15. f4 1-0